000
00149nam a22000857a 4500
082
_a
823
100
_a
P S SUNDARAM
245
_a
DASA AVATAR
942
_c
BK
999
_c
8522
_d
8522